[Event "FRA-chT3 Gr06 0607"]
[Site "France"]
[Date "2007.03.31"]
[Round "8.3"]
[White "Gac, Gilbert"]
[Black "Notter, Max"]
[Result "1/2-1/2"]
[WhiteElo "1780"]
[BlackElo "2086"]
[PlyCount "80"]
[EventDate "2006.10.15"]
[EventType "team"]
[EventRounds "9"]
[EventCountry "FRA"]
[SourceTitle "EXT 2008"]
[Source "ChessBase"]
[SourceDate "2007.11.25"]
[SourceVersion "1"]
[SourceVersionDate "2007.11.25"]
[SourceQuality "1"]
[WhiteTeam "Lesneven"]
[BlackTeam "Douarnenez"]
[WhiteTeamCountry "FRA"]
[BlackTeamCountry "FRA"]

1. e4 e6 2. d4 d5 3. exd5 exd5 4. Nf3 Nf6 5. Bd3 Be7 6. h3 0-0 7. 0-0 Ne4 8. Bf4 Bd6 9. Bxd6 Qxd6 10. Nbd2 Qf4 11. Re1 f5 12. c3 g5 13. Bxe4 fxe4 14. g3 Qf6 15. Re3 exf3 16. Rxf3 Qd6 17. Rxf8+ Kxf8 18. Qh5 Qg6 19. Qf3+ Qf5 20. Qh5 Nc6 21. Re1 Bd7 22. Re3 Kg7 23. Qe2 Rf8 24. g4 Qc2 25. b4 a6 26. a4 Rf7 27. b5 axb5 28. axb5 Nd8 29. Qe1 Bxb5 30. Re5 Nc6 31. Rxg5+ Kf8 32. Rxd5 Re7 33. Qa1 Qxd2 34. Qa8+ Kg7 35. Rxb5 Qe1+ 36. Kg2 Qe4+ 37. Kg1 Qf3 38. Rg5+ Kh6 39. Rh5+ Kg7 40. Rg5+ Kh6 1/2-1/2

[Event "FRA-chT3 Gr06 0607"]
[Site "France"]
[Date "2007.02.11"]
[Round "6.6"]
[White "Gac, Gilbert"]
[Black "Miclot, Claude"]
[Result "1-0"]
[WhiteElo "1780"]
[BlackElo "1810"]
[PlyCount "45"]
[EventDate "2006.10.15"]
[EventType "team"]
[EventRounds "9"]
[EventCountry "FRA"]
[SourceTitle "EXT 2008"]
[Source "ChessBase"]
[SourceDate "2007.11.25"]
[SourceVersion "1"]
[SourceVersionDate "2007.11.25"]
[SourceQuality "1"]
[WhiteTeam "Lesneven"]
[BlackTeam "St Hilaire Petitville"]
[WhiteTeamCountry "FRA"]
[BlackTeamCountry "FRA"]

1. e4 e5 2. Nc3 Nc6 3. f4 exf4 4. Nf3 g5 5. h3 Bg7 6. Bc4 d6 7. d3 h6 8. Bd2 Be6 9. Qe2 Nge7 10. 0-0-0 Ng6 11. Be1 Nge5 12. Nxe5 Nd4 13. Qh5 Bxe5 14. Bxe6 Nxe6 15. Ne2 c5 16. Rf1 Qf6 17. Bc3 Bxc3 18. Nxc3 Qg6 19. Qf3 Nd4 20. Qf2 0-0 21. g3 f3 22. Nd5 Rae8 23. c3 1-0

[Event "FRA-chT3 Gr06 0607"]
[Site "France"]
[Date "2006.11.25"]
[Round "2.5"]
[White "Brenneur, Roger"]
[Black "Gac, Gilbert"]
[Result "1-0"]
[WhiteElo "1947"]
[BlackElo "1820"]
[PlyCount "59"]
[EventDate "2006.10.15"]
[EventType "team"]
[EventRounds "9"]
[EventCountry "FRA"]
[SourceTitle "EXT 2008"]
[Source "ChessBase"]
[SourceDate "2007.11.25"]
[SourceVersion "1"]
[SourceVersionDate "2007.11.25"]
[SourceQuality "1"]
[WhiteTeam "Brest"]
[BlackTeam "Lesneven"]
[WhiteTeamCountry "FRA"]
[BlackTeamCountry "FRA"]

1. Nf3 f5 2. d4 d5 3. c4 e6 4. Nc3 Nf6 5. g3 c6 6. Bg2 Be7 7. 0-0 0-0 8. Ne5 Nbd7 9. b3 Ne4 10. Bb2 Nxe5 11. dxe5 Bc5 12. Na4 Bb4 13. a3 Ba5 14. b4 Bc7 15. cxd5 cxd5 16. e3 Bd7 17. Bd4 Bb5 18. Re1 b6 19. Nb2 Qb8 20. a4 Be8 21. Nd3 Ng5 22. Rc1 Qd8 23. Nf4 Bf7 24. Bf1 a5 25. h4 Ne4 26. Qc2 Ra7 27. bxa5 Qb8 28. axb6 Bxb6 29. Rb1 Rc8 30. Rxb6 1-0

[Event "FRA-chT3 Gr06 0607"]
[Site "France"]
[Date "2006.10.15"]
[Round "1.5"]
[White "Gac, Gilbert"]
[Black "Huguet, Francois"]
[Result "0-1"]
[WhiteElo "1820"]
[BlackElo "2070"]
[PlyCount "90"]
[EventDate "2006.10.15"]
[EventType "team"]
[EventRounds "9"]
[EventCountry "FRA"]
[SourceTitle "EXT 2008"]
[Source "ChessBase"]
[SourceDate "2007.11.25"]
[SourceVersion "1"]
[SourceVersionDate "2007.11.25"]
[SourceQuality "1"]
[WhiteTeam "Lesneven"]
[BlackTeam "Quimper"]
[WhiteTeamCountry "FRA"]
[BlackTeamCountry "FRA"]

1. e4 c5 2. d4 cxd4 3. c3 dxc3 4. Nxc3 e6 5. Bc4 Nc6 6. Nf3 d6 7. 0-0 Nge7 8. Bg5 a6 9. Qe2 Qc7 10. Rfd1 Ng6 11. Rac1 h6 12. Be3 Be7 13. Nd4 0-0 14. a3 Bd7 15. b4 Rac8 16. Bb3 Qb8 17. Qh5 Bf6 18. Nxe6 Bxe6 19. Bxe6 fxe6 20. Bxh6 Nce7 21. Bd2 Rc6 22. Qh3 Qc8 23. Ne2 d5 24. exd5 exd5 25. Qb3 Qf5 26. f3 Rfc8 27. Ng3 Qe6 28. Rb1 Rc2 29. Ne4 Bd4+ 30. Kh1 R8c4 31. Nc5 Qe2 32. Qd3 Qf2 33. Nb3 Nf4 34. Qf1 Qxf1+ 35. Rxf1 Ne6 36. Rfe1 Kf7 37. Rbd1 Bf6 38. Bc1 d4 39. Na5 Rc7 40. Nb3 Nd5 41. Na1 Ra2 42. Nb3 Rcc2 43. Rd2 Ndf4 44. g3 Rxd2 45. Nxd2 Nd3 0-1

[Event "FRA-chT4 0506"]
[Site "Bretagne"]
[Date "2006.01.15"]
[Round "4"]
[White "Gac, Gilbert"]
[Black "Pirou, David"]
[Result "1-0"]
[WhiteElo "1780"]
[BlackElo "1940"]
[PlyCount "137"]
[EventDate "2005.10.16"]
[EventType "team"]
[EventRounds "7"]
[EventCountry "FRA"]
[SourceTitle "EXT 2007"]
[Source "ChessBase"]
[SourceDate "2006.11.23"]
[SourceVersion "1"]
[SourceVersionDate "2006.11.23"]
[SourceQuality "1"]

1. e4 e6 2. d4 c5 3. d5 exd5 4. exd5 d6 5. Nf3 Nf6 6. c4 g6 7. Bd3 Bg7 8. 0-0 0-0 9. h3 Na6 10. a3 Nc7 11. Bg5 h6 12. Be3 b5 13. Nc3 bxc4 14. Bxc4 Bf5 15. Qd2 Ne4 16. Nxe4 Bxe4 17. Bxh6 Bxf3 18. Bxg7 Kxg7 19. Qc3+ Qf6 20. Qxf6+ Kxf6 21. gxf3 Rh8 22. Kg2 Rh4 23. b3 Rah8 24. Rh1 R8h5 25. Kg3 Rd4 26. Rad1 Rg5+ 27. Kh2 Rh4 28. Rhg1 Rxg1 29. Rxg1 Rd4 30. Re1 Nxd5 31. Re8 Nb6 32. Ba6 Rd2 33. Kg3 Ra2 34. a4 Ra3 35. Re3 d5 36. Bb5 d4 37. Rd3 Nc8 38. Kf4 Nd6 39. Bc6 Ra2 40. Kg3 Nf5+ 41. Kg2 Ke5 42. Be8 Kf4 43. Bxf7 Nh4+ 44. Kf1 Nxf3 45. Rd1 Ne5 46. Bd5 Rb2 47. Kg2 d3 48. Kf1 g5 49. Kg2 d2 50. Kf1 Nf3 51. Ke2 Nd4+ 52. Kd3 Ke5 53. Bc4 Rc2 54. Rxd2 Rxd2+ 55. Kxd2 Nf3+ 56. Ke3 Nd4 57. Bg8 Nf5+ 58. Kf3 Nh6 59. Bh7 Kd4 60. Be4 a5 61. Bc6 Nf7 62. Bb5 Ne5+ 63. Kg3 Kc3 64. f4 gxf4+ 65. Kxf4 c4 66. bxc4 Nxc4 67. h4 Nb6 68. h5 Kb4 69. h6 1-0